Els 15 llocs d'interès més visitats de Barcelona - Estadísticas

Estadísticas generales
  • Esta prueba ha sido intentada 57 veces
  • La puntuación promedio es 5 de 15
Estadísticas de respuestas
Milers de visitants Respuesta % Correcto
4561 Sagrada Família
100%
2958 Park Güell
79%
1207 La Pedrera
74%
992 Casa Batlló
68%
820 Museu Nacional d'Art de Catalunya (MNAC)
36%
954 Museu Picasso
21%
965 Parc Zoològic
19%
757 CosmoCaixa
17%
1587 Aquàrium
13%
753 CaixaFòrum
11%
1306 El Born Centre Cultural
9%
926 Museu d'Història de Barcelona (MUHBA)
9%
1947 Museu FC Barcelona
6%
827 Palau Robert
6%
1299 Poble Espanyol
4%
No se encontraron pruebas coincidentes
Distribución de puntuación
Porcentaje de gente con cada puntuación
Porcentaje por número respondido
Historial de tus puntuaciones
No has intentado esta prueba.